[Event "4NCL"]
[Site "Barcelo Hotel, Daventry, ENG"]
[Date "2011.03.26"]
[Round "7.34"]
[White "Lunn, Matthew"]
[Black "Gibson, Christopher A"]
[Result "1-0"]
[WhiteElo "1941"]
[BlackElo "2002"]
[PlyCount "29"]
[EventDate "2011.??.??"]
[WhiteTeam "KJCA Kings"]
[BlackTeam "The Rookies"]

1. d4 Nf6 2. c4 e6 3. Nc3 Bb4 4. Qc2 O-O 5. e4 d5 6. e5 Nfd7 7. Bd3 dxc4 8.
Bxh7+ Kh8 9. h4 f5 10. Bg6 Nb6 11. Qe2 Re8 12. Qh5+ Kg8 13. Qh7+ Kf8 14. Qh8+
Ke7 15. Qxg7# 1-0

[Event "4NCL"]
[Site "Barcelo Hotel, Daventry, ENG"]
[Date "2011.03.26"]
[Round "7.34"]
[White "Jaszkiwskyj, Peter"]
[Black "Bayliss, Lyall CP"]
[Result "1-0"]
[WhiteElo "2002"]
[BlackElo "1963"]
[PlyCount "69"]
[EventDate "2011.??.??"]
[WhiteTeam "The Rookies"]
[BlackTeam "KJCA Kings"]

1. d4 Nf6 2. Nf3 g6 3. c4 d5 4. Nc3 Bg7 5. Bf4 c6 6. e3 O-O 7. Qb3 Qa5 8. Bd3
Nbd7 9. h3 dxc4 10. Bxc4 Nb6 11. Bc7 Ne8 12. Be5 Nxc4 13. Qxc4 Nd6 14. Qc5 Qxc5
15. dxc5 Nc4 16. Bxg7 Kxg7 17. O-O-O b6 18. Rd4 Na5 19. Ne5 f6 20. Nd7 e5 21.
Rd3 Rf7 22. Rhd1 Bxd7 23. Rxd7 bxc5 24. Rxf7+ Kxf7 25. Rd7+ Ke6 26. Rxh7 a6 27.
Ne4 c4 28. Rg7 Kf5 29. f3 Rh8 30. Ra7 Rd8 31. Rxa6 Rd5 32. Ra7 Ke6 33. Rg7 f5
34. Rxg6+ Ke7 35. Nc3 1-0

[Event "4NCL"]
[Site "Barcelo Hotel, Daventry, ENG"]
[Date "2011.03.26"]
[Round "7.34"]
[White "Gahir, Jasdeep"]
[Black "Turvey, Steven S"]
[Result "1-0"]
[WhiteElo "1839"]
[BlackElo "1847"]
[PlyCount "115"]
[EventDate "2011.??.??"]
[WhiteTeam "KJCA Kings"]
[BlackTeam "The Rookies"]

1. e4 e5 2. Nf3 Nc6 3. Nc3 Nf6 4. d4 exd4 5. Nxd4 Nxd4 6. Qxd4 d6 7. Bg5 Be7 8.
O-O-O O-O 9. Bc4 Nd7 10. Bxe7 Qxe7 11. Nd5 Qd8 12. h4 Ne5 13. Be2 Be6 14. f4
Bg4 15. Bxg4 Nxg4 16. h5 h6 17. Rd3 Nf6 18. Rg3 Kh8 19. Rhh3 Ne8 20. Rf3 c6 21.
Ne3 Qa5 22. a3 Rd8 23. Rh1 f6 24. g4 Nc7 25. Nf5 Ne6 26. Qd2 Qxd2+ 27. Kxd2
Rfe8 28. b4 Kg8 29. c4 Nc7 30. Re1 d5 31. exd5 Rxe1 32. Kxe1 cxd5 33. c5 Kf8
34. Kd2 b6 35. Re3 Re8 36. Rxe8+ Nxe8 37. Kd3 bxc5 38. bxc5 Nc7 39. Nd4 Kf7 40.
f5 a6 41. a4 Ke7 42. Nc6+ Kd7 43. Nd4 Ke7 44. Kc3 Kd7 45. Kb4 Kc8 46. c6 Kd8
47. Kc5 Ke7 48. Nc2 Na8 49. Nb4 d4 50. Nd5+ Kd8 51. Kxd4 Nc7 52. Nxc7 Kxc7 53.
Kd5 Kd8 54. Kd6 a5 55. c7+ Kc8 56. Kc6 g5 57. fxg6 f5 58. g7 1-0

[Event "4NCL"]
[Site "Barcelo Hotel, Daventry, ENG"]
[Date "2011.03.26"]
[Round "7.35"]
[White "Crouch, Colin S"]
[Black "Byron, Alan M"]
[Result "1-0"]
[WhiteElo "2343"]
[BlackElo "2183"]
[PlyCount "89"]
[EventDate "2011.??.??"]
[WhiteTeam "Braille Chess Assoc"]
[BlackTeam "e2e4.org.uk 2"]

1. d4 d5 2. Nf3 Nf6 3. c4 c6 4. e3 a6 5. Nbd2 g6 6. Bd3 Bf5 7. Bxf5 gxf5 8. Qb3
Ra7 9. Ne5 Bg7 10. O-O O-O 11. Ndf3 Ne4 12. Rd1 b5 13. cxd5 cxd5 14. Bd2 Nxd2
15. Rxd2 Rc7 16. Rc2 e6 17. Rac1 Rxc2 18. Qxc2 h6 19. Qc7 Qxc7 20. Rxc7 Bf6 21.
Kf1 Bg7 22. Ke2 f6 23. Ng6 Re8 24. Nfh4 a5 25. Nf4 Bf8 26. Rb7 Bd6 27. Nh5 Be7
28. Ng6 Nc6 29. Rc7 Kf7 30. Rxc6 Kxg6 31. Nf4+ Kf7 32. Nxe6 b4 33. Nf4 Rb8 34.
Nxd5 b3 35. axb3 Rxb3 36. Rb6 Bb4 37. Rxf6+ Kg7 38. Rxf5 Rxb2+ 39. Kd3 Be1 40.
Nf4 a4 41. Nh5+ Kg6 42. g4 a3 43. f4 Rb6 44. Rc5 a2 45. Rc7 1-0

[Event "4NCL"]
[Site "Barcelo Hotel, Daventry, ENG"]
[Date "2011.03.26"]
[Round "7.35"]
[White "Josse, Mark"]
[Black "Ross, Chris N"]
[Result "1/2-1/2"]
[WhiteElo "2159"]
[BlackElo "2220"]
[PlyCount "63"]
[EventDate "2011.??.??"]
[WhiteTeam "e2e4.org.uk 2"]
[BlackTeam "Braille Chess Assoc"]

1. e4 c5 2. Nc3 Nc6 3. Bb5 Nd4 4. Bc4 e6 5. Nge2 Ne7 6. O-O d5 7. exd5 exd5 8.
Nxd5 Nf3+ 9. Kh1 Nxd5 10. Nc3 Nb6 11. Bb5+ Bd7 12. Qxf3 Bxb5 13. Nxb5 Qd7 14.
Re1+ Be7 15. Nc3 O-O 16. d3 Rac8 17. Be3 Rc6 18. Rad1 Rf6 19. Qe2 Re6 20. Qh5
Qc6 21. b3 Rg6 22. f3 f5 23. Re2 Bf6 24. Bd2 a6 25. a4 Bxc3 26. Bxc3 Nd5 27.
Bd2 b5 28. axb5 axb5 29. Re5 Rgf6 30. Qh4 Nc7 31. Re7 Nd5 32. Re5 1/2-1/2

[Event "4NCL"]
[Site "Barcelo Hotel, Daventry, ENG"]
[Date "2011.03.26"]
[Round "7.35"]
[White "Blackie, Neville"]
[Black "Jackson, James P"]
[Result "0-1"]
[WhiteElo "2090"]
[BlackElo "2153"]
[PlyCount "74"]
[EventDate "2011.??.??"]
[WhiteTeam "Braille Chess Assoc"]
[BlackTeam "e2e4.org.uk 2"]

1. e4 c5 2. Nf3 Nc6 3. d4 cxd4 4. Nxd4 Nf6 5. Nc3 e5 6. Ndb5 d6 7. Bg5 a6 8.
Na3 b5 9. Nd5 Be7 10. Bxf6 Bxf6 11. c3 O-O 12. Nc2 Bg5 13. a4 bxa4 14. Rxa4 a5
15. b4 Bb7 16. h4 Bh6 17. g4 Bf4 18. b5 Nb8 19. Nce3 Nd7 20. Bg2 Nc5 21. Rc4
Bxe3 22. Nxe3 a4 23. Nf5 a3 24. Qxd6 a2 25. O-O a1=Q 26. Rxa1 Rxa1+ 27. Kh2 Ne6
28. Qxe5 Qb8 29. Qxb8 Rxb8 30. Kg3 Rd1 31. f4 Rd3+ 32. Bf3 Kf8 33. b6 Rc8 34.
Rxc8+ Bxc8 35. Kf2 Bb7 36. c4 Rb3 37. Nd6 Rxb6 0-1

[Event "4NCL"]
[Site "Barcelo Hotel, Daventry, ENG"]
[Date "2011.03.26"]
[Round "7.35"]
[White "Mansson, James C"]
[Black "Lilley, Graham"]
[Result "0-1"]
[WhiteElo "2128"]
[BlackElo "2081"]
[PlyCount "92"]
[EventDate "2011.??.??"]
[WhiteTeam "e2e4.org.uk 2"]
[BlackTeam "Braille Chess Assoc"]

1. Nf3 g6 2. c4 Bg7 3. e4 c5 4. d4 cxd4 5. Nxd4 Nf6 6. Nc3 d6 7. Be2 Nc6 8. Nc2
O-O 9. O-O Nd7 10. Nd5 Nc5 11. f3 f5 12. exf5 Bxf5 13. Nde3 Bd7 14. Rb1 Ne6 15.
Nd5 Ned4 16. Nxd4 Nxd4 17. Bd3 e6 18. Nc3 Qh4 19. Ne4 Bc6 20. Bg5 Qh5 21. h4 h6
22. Ng3 Bxf3 23. Nxh5 Bxd1 24. Rfxd1 gxh5 25. Be7 Rf4 26. Rf1 Be5 27. Rxf4 Bxf4
28. Bf6 Be3+ 29. Kh1 Nf5 30. Bxf5 exf5 31. Re1 f4 32. Rd1 Rc8 33. b3 Kf7 34.
Bb2 Ke6 35. g3 Rg8 36. gxf4 Bxf4 37. Re1+ Be5 38. c5 Kd5 39. Bc1 dxc5 40. Bxh6
Rg4 41. Bg5 Bg3 42. Rg1 b5 43. Rg2 c4 44. Rd2+ Rd4 45. bxc4+ bxc4 46. Rc2 Bxh4
0-1

[Event "4NCL"]
[Site "Barcelo Hotel, Daventry, ENG"]
[Date "2011.03.26"]
[Round "7.35"]
[White "Hilton, Steve H"]
[Black "Talbot, Andrew R"]
[Result "0-1"]
[WhiteElo "1919"]
[BlackElo "2139"]
[PlyCount "76"]
[EventDate "2011.??.??"]
[WhiteTeam "Braille Chess Assoc"]
[BlackTeam "e2e4.org.uk 2"]

1. d4 Nf6 2. c4 g6 3. Nc3 Bg7 4. e4 d6 5. Be2 O-O 6. Bg5 c5 7. d5 h6 8. Be3 e6
9. dxe6 Bxe6 10. Qd2 Kh7 11. O-O-O Qa5 12. Qc2 Nc6 13. a3 Nd4 14. Bxd4 cxd4 15.
Nb5 Ng4 16. Bxg4 Bxg4 17. Nf3 Bxf3 18. gxf3 Qb6 19. Qd3 Rac8 20. Kb1 Rc6 21.
Ka2 Rfc8 22. b3 Qc5 23. a4 a6 24. Nxd4 Qe5 25. Rd2 Rc5 26. Ne2 b5 27. Qxd6 bxc4
28. Qxe5 cxb3+ 29. Kxb3 Bxe5 30. f4 Rb8+ 31. Ka2 Rc4 32. Rd3 Bg7 33. e5 Bf8 34.
Rd6 Bxd6 35. exd6 Re4 36. Nc3 Rd4 37. Rd1 Rxd1 38. Nxd1 Rd8 0-1

[Event "4NCL"]
[Site "Barcelo Hotel, Daventry, ENG"]
[Date "2011.03.26"]
[Round "7.36"]
[White "Pugh, Derek C"]
[Black "Habershon, Paul F"]
[Result "1/2-1/2"]
[WhiteElo "2050"]
[BlackElo "2114"]
[PlyCount "75"]
[EventDate "2011.??.??"]
[WhiteTeam "Bristol 2"]
[BlackTeam "FCA Solutions 1"]

1. e4 Nf6 2. Nc3 d6 3. g3 g6 4. Bg2 Bg7 5. d3 O-O 6. f4 c5 7. Nf3 Nc6 8. O-O
Rb8 9. h3 Bd7 10. g4 b5 11. Ne2 Qc7 12. Be3 Rfc8 13. Qe1 a5 14. Rc1 a4 15. Qh4
b4 16. f5 Qd8 17. Nh2 Ne8 18. g5 Bxb2 19. Ng4 Bg7 20. Nh6+ Bxh6 21. Qxh6 Ng7
22. fxg6 hxg6 23. Nf4 Ne5 24. d4 cxd4 25. Bxd4 Rc6 26. Rf2 Qf8 27. Rcf1 Ne6 28.
Bxe5 Qxh6 29. gxh6 dxe5 30. Nd5 Nf4 31. Nxe7+ Kh7 32. Nxc6 Bxc6 33. Rxf4 exf4
34. Rxf4 Rb7 35. e5 Bxg2 36. Kxg2 Kxh6 37. Kf3 Kg7 38. Ke3 1/2-1/2

[Event "4NCL"]
[Site "Barcelo Hotel, Daventry, ENG"]
[Date "2011.03.26"]
[Round "7.36"]
[White "Reuben, Stewart"]
[Black "Thompson, Robert"]
[Result "1-0"]
[WhiteElo "2129"]
[BlackElo "1916"]
[PlyCount "113"]
[EventDate "2011.??.??"]
[WhiteTeam "FCA Solutions 1"]
[BlackTeam "Bristol 2"]

1. c4 e5 2. g3 d6 3. Bg2 f5 4. Nc3 Nf6 5. e3 Be7 6. Nge2 O-O 7. O-O c6 8. d4
Nbd7 9. b4 e4 10. Nf4 Nb6 11. c5 Nc4 12. cxd6 Qxd6 13. b5 g5 14. Qb3 gxf4 15.
Qxc4+ Be6 16. Qa4 f3 17. Bh3 f4 18. Bxe6+ Qxe6 19. Qb3 Nd5 20. Nxd5 cxd5 21.
Kh1 fxg3 22. fxg3 Bd6 23. Ba3 f2 24. Bxd6 Qxd6 25. Kg2 Qe6 26. Rxf2 Rxf2+ 27.
Kxf2 Rf8+ 28. Kg1 Qf5 29. Qc2 Rc8 30. Qf2 Qxf2+ 31. Kxf2 Rc2+ 32. Kg1 Re2 33.
Rc1 Rxe3 34. Rc5 Rd3 35. Rxd5 e3 36. Kf1 Rd2 37. Rd8+ Kf7 38. Rd7+ Kg6 39. Rxb7
Rxa2 40. Re7 Ra5 41. Re5 Ra4 42. Rxe3 Rxd4 43. Ra3 Rb4 44. Ra6+ Kg5 45. Rxa7 h5
46. Rb7 Kg4 47. Rg7+ Kf3 48. Rf7+ Ke3 49. Rf5 h4 50. Kg2 Rb2+ 51. Kh3 hxg3 52.
hxg3 Ke4 53. g4 Rd2 54. b6 Rd7 55. Rb5 Rh7+ 56. Kg3 Rb7 57. g5 1-0

[Event "4NCL"]
[Site "Barcelo Hotel, Daventry, ENG"]
[Date "2011.03.26"]
[Round "7.36"]
[White "Musson, Adam"]
[Black "Fraser-Mitchell, Jeremy N"]
[Result "0-1"]
[WhiteElo "1850"]
[BlackElo "2014"]
[PlyCount "56"]
[EventDate "2011.??.??"]
[WhiteTeam "Bristol 2"]
[BlackTeam "FCA Solutions 1"]

1. d4 Nf6 2. c4 c5 3. d5 e5 4. Nc3 d6 5. e4 Be7 6. g3 Nbd7 7. Bg2 O-O 8. Nge2
Ne8 9. g4 Nb6 10. Ng3 Nxc4 11. Nf5 Bh4 12. Qd3 Nb6 13. Be3 a6 14. O-O Bg5 15.
a4 g6 16. a5 Nd7 17. Qd2 Bxe3 18. Qxe3 gxf5 19. exf5 Qh4 20. Ra4 b5 21. axb6
Nxb6 22. Re4 Nf6 23. g5 Nxe4 24. Bxe4 Qf4 25. Qh3 f6 26. Kh1 fxg5 27. Rg1 Bxf5
28. Rg4 Qxg4 0-1

[Event "4NCL"]
[Site "Barcelo Hotel, Daventry, ENG"]
[Date "2011.03.26"]
[Round "7.36"]
[White "Bromilow, Edward T"]
[Black "Smith, Graham M"]
[Result "0-1"]
[WhiteElo "1930"]
[BlackElo "2093"]
[PlyCount "100"]
[EventDate "2011.??.??"]
[WhiteTeam "Bristol 2"]
[BlackTeam "FCA Solutions 1"]

1. d4 f5 2. Bg5 h6 3. Bh4 g5 4. e4 Nf6 5. e5 e6 6. exf6 Qxf6 7. Bg3 f4 8. Bd3
fxg3 9. hxg3 Bg7 10. Qh5+ Kd8 11. Nf3 Nc6 12. c3 e5 13. d5 Ne7 14. Be4 d6 15.
Nbd2 c6 16. c4 Bd7 17. O-O Kc7 18. a4 Be8 19. Qh3 h5 20. Qe6 Qxe6 21. dxe6 d5
22. cxd5 cxd5 23. Bc2 Bf6 24. Nb3 Kd6 25. Rfe1 Rc8 26. Re2 Kxe6 27. Nxe5 Bxe5
28. f4 Nc6 29. fxe5 Rf8 30. Nc5+ Ke7 31. Bd1 Nd4 32. Rd2 Nf5 33. Nxb7 Nxg3 34.
Bf3 Rc4 35. Kh2 h4 36. Nd6 Rxa4 37. Rc1 g4 38. Rc7+ Ke6 39. Bxd5+ Kxe5 40. Nc4+
Kf6 41. Rf2+ Nf5 42. Rf1 g3+ 43. Kh3 Kg5 44. Be6 Bg6 45. Rc5 Ra6 46. Bxf5 Rxf5
47. Rfxf5+ Bxf5+ 48. Rxf5+ Kxf5 49. Kxh4 Kf4 50. Kh5 Ra1 0-1

[Event "4NCL"]
[Site "Barcelo Hotel, Daventry, ENG"]
[Date "2011.03.26"]
[Round "7.36"]
[White "Elwin, Adrian G"]
[Black "Dunlop, Neil J"]
[Result "1/2-1/2"]
[WhiteElo "1990"]
[BlackElo "1875"]
[PlyCount "61"]
[EventDate "2011.??.??"]
[WhiteTeam "FCA Solutions 1"]
[BlackTeam "Bristol 2"]

1. d4 Nf6 2. c4 g6 3. Nc3 Bg7 4. e4 d6 5. Be2 O-O 6. Nf3 e5 7. dxe5 dxe5 8.
Qxd8 Rxd8 9. Bg5 Re8 10. O-O-O c6 11. Nxe5 Nxe4 12. Nxe4 Bxe5 13. Rhe1 Na6 14.
Bd3 Bf5 15. h3 Bxe4 16. Bxe4 Nc5 17. Bc2 Bc7 18. g3 a5 19. Be3 Ne6 20. Rd7 Rad8
21. Red1 Rxd7 22. Rxd7 Rd8 23. Rxd8+ Bxd8 24. b3 h5 25. Kd2 f5 26. Ke2 Kf7 27.
f4 b6 28. Bd1 c5 29. Kd3 Ng7 30. Bf3 Bf6 31. Bd5+ 1/2-1/2

[Event "4NCL"]
[Site "Barcelo Hotel, Daventry, ENG"]
[Date "2011.03.26"]
[Round "7.37"]
[White "Lambourne, Daniel M"]
[Black "Scott, Gordon W"]
[Result "0-1"]
[WhiteElo "1996"]
[BlackElo "2026"]
[PlyCount "118"]
[EventDate "2011.??.??"]
[WhiteTeam "Gloucestershire Gambits"]
[BlackTeam "Anglian Avengers 2"]

1. d4 Nf6 2. c4 g6 3. Nc3 d5 4. Nf3 Bg7 5. Bg5 Ne4 6. cxd5 Nxg5 7. Nxg5 e6 8.
Nf3 exd5 9. g3 O-O 10. Bg2 c6 11. O-O Qe7 12. e3 Bf5 13. Qb3 Na6 14. a3 Rfd8
15. Nd2 h5 16. Nf3 Bf6 17. h4 Be6 18. Qc2 Rac8 19. Rad1 Bg4 20. Rd2 Nc7 21. Nh2
Bf5 22. Qa4 Ra8 23. Re1 Ne8 24. e4 dxe4 25. Nxe4 Bg7 26. Qd1 Qc7 27. Nc3 Nf6
28. Qb3 Rd6 29. d5 Rad8 30. Rde2 cxd5 31. Nb5 Qb6 32. Re3 R6d7 33. Qa4 d4 34.
Re7 Be6 35. Rxd7 Bxd7 36. Bf1 Bxb5 37. Qxb5 Qxb5 38. Bxb5 a6 39. Bd3 Nd7 40.
Rd1 Ne5 41. Kg2 Nxd3 42. Rxd3 Rc8 43. Nf3 Rc2 44. b3 Rc3 45. Ne1 f5 46. Kf3 Kf7
47. Ke2 Ke6 48. Kd2 Kd5 49. Nc2 f4 50. Rxc3 dxc3+ 51. Kd3 fxg3 52. fxg3 Be5 53.
Ne3+ Ke6 54. g4 Bf4 55. Ng2 Bd2 56. gxh5 gxh5 57. b4 Kf5 58. a4 Kg4 59. b5 Kf3
0-1

[Event "4NCL"]
[Site "Barcelo Hotel, Daventry, ENG"]
[Date "2011.03.26"]
[Round "7.37"]
[White "Ponter, Ian P"]
[Black "Wallis, Ian J"]
[Result "0-1"]
[WhiteElo "2040"]
[BlackElo "1977"]
[PlyCount "148"]
[EventDate "2011.??.??"]
[WhiteTeam "Gloucestershire Gambits"]
[BlackTeam "Anglian Avengers 2"]

1. e4 e5 2. Nf3 Nc6 3. d4 exd4 4. Nxd4 Nf6 5. Nxc6 bxc6 6. e5 Qe7 7. Qe2 Nd5 8.
c4 Ba6 9. b3 Qh4 10. a3 Nf4 11. Qe3 Ne6 12. g3 Qd4 13. Ra2 Qb6 14. Qxb6 axb6
15. Be3 Bb7 16. Bg2 Nc5 17. Bxc5 Bxc5 18. a4 O-O 19. O-O Rae8 20. Rd2 Bc8 21.
Re2 f6 22. e6 Rxe6 23. Rxe6 dxe6 24. Rd1 Bb4 25. Bxc6 Kf7 26. Kf1 Ke7 27. Ke2
g5 28. Rd3 h5 29. Nc3 Bxc3 30. Rxc3 Bd7 31. Bxd7 Kxd7 32. b4 Ra8 33. Ra3 Kd6
34. Kd3 f5 35. Kd4 e5+ 36. Ke3 Kc6 37. Kd3 Rd8+ 38. Ke3 Rd4 39. Rc3 Kb7 40. Rc1
f4+ 41. gxf4 Rxf4 42. f3 Rh4 43. Rc2 Rd4 44. Kf2 Rf4 45. Ke3 Rh4 46. Kd3 Rd4+
47. Ke3 Kc6 48. a5 bxa5 49. bxa5 Kb7 50. Rb2+ Ka6 51. Rb5 Rxc4 52. Rxe5 Rc3+
53. Kf2 g4 54. Rxh5 Rxf3+ 55. Kg2 Ra3 56. Rc5 Kb7 57. Rg5 Kc8 58. Rxg4 Rxa5 59.
Kg3 Kd7 60. h4 c5 61. h5 Ra8 62. h6 Kd6 63. Rg6+ Ke5 64. Rg5+ Kd4 65. Kf3 Re8
66. h7 Rh8 67. Rh5 c4 68. Ke2 Kc3 69. Kd1 Kb2 70. Rh3 c3 71. Rh2+ Kb1 72. Rh1
Rxh7 73. Rxh7 c2+ 74. Kd2 c1=Q+ 0-1

[Event "4NCL"]
[Site "Barcelo Hotel, Daventry, ENG"]
[Date "2011.03.26"]
[Round "7.37"]
[White "Clapham, Michael JW"]
[Black "Taylor, Geoffrey P"]
[Result "1-0"]
[WhiteElo "1916"]
[BlackElo "1950"]
[PlyCount "85"]
[EventDate "2011.??.??"]
[WhiteTeam "Anglian Avengers 2"]
[BlackTeam "Gloucestershire Gambits"]

1. e4 c5 2. d4 cxd4 3. c3 d3 4. Bxd3 Nc6 5. Nf3 d6 6. h3 Nf6 7. c4 e6 8. O-O
Be7 9. Nc3 a6 10. Be3 b6 11. Rc1 O-O 12. Qd2 Bb7 13. Rfd1 Rc8 14. Qe2 Nd7 15.
b3 Nce5 16. Nxe5 dxe5 17. Bb1 Qc7 18. Qb2 Qc6 19. Na4 Rcd8 20. f3 Nc5 21. Nc3
Bh4 22. Ne2 Bf6 23. b4 Nd7 24. c5 bxc5 25. bxc5 Be7 26. Rd2 Rc8 27. Rdc2 Rb8
28. Qc3 Rfc8 29. Qa3 a5 30. Kh1 Ba6 31. Ng3 Rb5 32. Rc3 Bxc5 33. Bxc5 Nxc5 34.
Bd3 Qd6 35. Bxb5 Bxb5 36. Rxc5 Re8 37. Qxa5 Bd7 38. Qc7 Qd2 39. R5c2 Qd4 40.
Qc3 g6 41. Qxd4 exd4 42. Kg1 Rb8 43. Nf1 {scoresheet errors prevent further
inputting} 1-0

[Event "4NCL"]
[Site "Barcelo Hotel, Daventry, ENG"]
[Date "2011.03.26"]
[Round "7.38"]
[White "Reid, John"]
[Black "Salimbeni, George PW"]
[Result "0-1"]
[WhiteElo "2035"]
[BlackElo "2159"]
[PlyCount "82"]
[EventDate "2011.??.??"]
[WhiteTeam "Hackney"]
[BlackTeam "Sussex Smart Controls"]

1. d4 Nf6 2. c4 g6 3. Nc3 d5 4. Nf3 Bg7 5. Bf4 c6 6. cxd5 Nxd5 7. Be5 Bxe5 8.
Nxe5 O-O 9. e4 Nxc3 10. bxc3 Qa5 11. Qb3 c5 12. Nc4 Qc7 13. Be2 cxd4 14. cxd4
Nc6 15. d5 Nd4 16. Qb2 Nxe2 17. Qxe2 b6 18. Nd2 a5 19. Qc4 Qe5 20. Nb3 Ba6 21.
Qd4 Qg5 22. g3 Rfc8 23. f4 Qh5 24. Qd1 Qh3 25. Kf2 Rc3 26. Rc1 Rd3 27. Qe1 h5
28. Nd2 h4 29. Nf3 Ra3 30. Qd2 Bc4 31. Nxh4 Rxa2 32. Rc2 Rxc2 33. Qxc2 Rc8 34.
Qb1 b5 35. Nf3 a4 36. Nd2 Qd7 37. Rc1 Qa7+ 38. Kf3 a3 39. Nxc4 Rxc4 40. Rxc4
bxc4 41. Qa1 Qb7 0-1

[Event "4NCL"]
[Site "Barcelo Hotel, Daventry, ENG"]
[Date "2011.03.26"]
[Round "7.38"]
[White "Rose, C Nigel J"]
[Black "Hoare, Amy B"]
[Result "0-1"]
[WhiteElo "2170"]
[BlackElo "1916"]
[PlyCount "56"]
[EventDate "2011.??.??"]
[WhiteTeam "Hackney"]
[BlackTeam "Sussex Smart Controls"]

1. d4 Nf6 2. c4 g6 3. Nc3 d5 4. cxd5 Nxd5 5. e4 Nxc3 6. bxc3 Bg7 7. Bc4 c5 8.
Ne2 O-O 9. O-O cxd4 10. cxd4 Nc6 11. Be3 b6 12. Rc1 Bb7 13. Qd2 Rc8 14. Rfd1
Na5 15. Bd3 Qd7 16. Bh6 Rxc1 17. Rxc1 Rc8 18. Bxg7 Kxg7 19. Qe3 Rxc1+ 20. Nxc1
Qa4 21. d5 Qd1+ 22. Bf1 f6 23. Nd3 Ba6 24. f4 Nc4 25. Qc1 Qa4 26. e5 Qb5 27.
Nb2 Qc5+ 28. Kh1 Nxb2 0-1

[Event "4NCL"]
[Site "Barcelo Hotel, Daventry, ENG"]
[Date "2011.03.26"]
[Round "7.39"]
[White "Purdon, Colin"]
[Black "Garnett, John S"]
[Result "1/2-1/2"]
[WhiteElo "2074"]
[BlackElo "2028"]
[PlyCount "134"]
[EventDate "2011.??.??"]
[WhiteTeam "AMCA Rhinos"]
[BlackTeam "e2e4.org.uk 3"]

1. d4 Nf6 2. c4 Nc6 3. Nf3 e6 4. g3 Bb4+ 5. Nc3 d6 6. Bg2 O-O 7. O-O Bxc3 8.
bxc3 e5 9. Qc2 Bg4 10. Rd1 Qe7 11. Rb1 Rab8 12. h3 Bh5 13. Nh4 Nd7 14. Nf5 Qf6
15. g4 Bg6 16. Rxb7 Ne7 17. Rxc7 Nxf5 18. gxf5 Bxf5 19. e4 Qd8 20. Rc6 Bg6 21.
Rxd6 Qc7 22. Ba3 Rfe8 23. d5 Rb6 24. Rxb6 axb6 25. Qa4 f6 26. Bb4 Rc8 27. Qb5
Be8 28. Qa6 Qxc4 29. Qxc4 Rxc4 30. f3 Rc8 31. Bf1 Nc5 32. Bxc5 Rxc5 33. c4 b5
34. cxb5 Bxb5 35. Bxb5 Rxb5 36. a4 Rb7 37. a5 Kf7 38. a6 Ra7 39. Ra1 Ke7 40.
Kf2 Kd6 41. Ke3 Kc5 42. Rb1 Rxa6 43. Rb7 f5 44. exf5 Kxd5 45. Rd7+ Kc5 46. Rxg7
Rh6 47. Ke4 Kd6 48. f6 Rxf6 49. Rxh7 Rf4+ 50. Ke3 Ke6 51. h4 Kf6 52. Rh6+ Kg7
53. Rh5 Kf6 54. Rh8 Kg7 55. Re8 Rxh4 56. Rxe5 Ra4 57. Re4 Ra3+ 58. Kf4 Ra6 59.
Re5 Kf7 60. Kg4 Rb6 61. f4 Ra6 62. Rb5 Rc6 63. Kf5 Ra6 64. Rb7+ Kf8 65. Kg5 Rc6
66. f5 Ra6 67. f6 Ra1 1/2-1/2

[Event "4NCL"]
[Site "Barcelo Hotel, Daventry, ENG"]
[Date "2011.03.26"]
[Round "7.39"]
[White "Ireland, David J"]
[Black "McLaughlin, Noel S"]
[Result "1/2-1/2"]
[WhiteElo "2019"]
[BlackElo "2042"]
[PlyCount "64"]
[EventDate "2011.??.??"]
[WhiteTeam "e2e4.org.uk 3"]
[BlackTeam "AMCA Rhinos"]

1. Nf3 d6 2. d4 g6 3. e4 Nf6 4. Nc3 Bg7 5. Bc4 O-O 6. O-O c6 7. a4 Nxe4 8. Nxe4
d5 9. Bd3 dxe4 10. Bxe4 Nd7 11. c3 Qc7 12. Bg5 h6 13. Bh4 f5 14. Bd3 e5 15.
dxe5 Nxe5 16. Nxe5 Bxe5 17. Bc4+ Kh7 18. f3 Bd7 19. Re1 Rae8 20. Qb3 Bxh2+ 21.
Kh1 Bg3 22. Re7+ Rxe7 23. Bxe7 Re8 24. Bf6 Bc8 25. Bd4 Qe7 26. Kg1 c5 27. Bf2
Bxf2+ 28. Kxf2 b6 29. a5 Qh4+ 30. Kg1 Rd8 31. Bd5 b5 32. Rd1 Re8 1/2-1/2

[Event "4NCL"]
[Site "Barcelo Hotel, Daventry, ENG"]
[Date "2011.03.26"]
[Round "7.39"]
[White "Staples, Daniel J"]
[Black "Flynn, David"]
[Result "1-0"]
[WhiteElo "1994"]
[BlackElo "2037"]
[PlyCount "123"]
[EventDate "2011.??.??"]
[WhiteTeam "AMCA Rhinos"]
[BlackTeam "e2e4.org.uk 3"]

1. e4 c5 2. Nf3 d6 3. c3 Nf6 4. g3 g6 5. Bg2 Bg7 6. O-O O-O 7. Re1 Nc6 8. Na3
d5 9. e5 Ng4 10. d4 cxd4 11. cxd4 Qb6 12. h3 Nh6 13. Qb3 Qxb3 14. axb3 Nf5 15.
Nb5 Be6 16. g4 Nh6 17. Nc7 Rac8 18. Nxe6 fxe6 19. Be3 Nf7 20. Rec1 a6 21. h4
Na7 22. Ne1 Rxc1 23. Rxc1 Rc8 24. Rxc8+ Nxc8 25. Nd3 Na7 26. Kf1 Nb5 27. Nc5
Nd8 28. Ke2 a5 29. Bf1 Kf7 30. Kf3 Na7 31. Bd2 Ndc6 32. Ke3 b6 33. Nd7 Nc8 34.
Ba6 N6a7 35. Nb8 Ke8 36. b4 axb4 37. Bxc8 Nxc8 38. Bxb4 Na7 39. Ba3 Bh6+ 40. g5
Bf8 41. Na6 Kd7 42. Nb4 Nb5 43. Nc2 Nc7 44. Bb4 Ne8 45. Be1 Ng7 46. Kd3 Kc6 47.
f3 Ne8 48. Kc3 Kb5 49. b3 Ng7 50. Nb4 Nf5 51. Bf2 Ng7 52. Nd3 Nh5 53. Kb2 Ng7
54. Nf4 Kb4 55. Be1+ Kb5 56. Ka3 Kc6 57. Ka4 Kc7 58. Kb5 Kb7 59. b4 Kc7 60. Ka6
Kc6 61. b5+ Kc7 62. Ka7 1-0

[Event "4NCL"]
[Site "Barcelo Hotel, Daventry, ENG"]
[Date "2011.03.26"]
[Round "7.39"]
[White "Truman, Richard G"]
[Black "Jeffries, Majid"]
[Result "0-1"]
[WhiteElo "2008"]
[BlackElo "2009"]
[PlyCount "60"]
[EventDate "2011.??.??"]
[WhiteTeam "e2e4.org.uk 3"]
[BlackTeam "AMCA Rhinos"]

1. d4 Nf6 2. c4 e6 3. Nc3 Bb4 4. e3 O-O 5. Bd3 d5 6. a3 Bxc3+ 7. bxc3 dxc4 8.
Bxc4 c5 9. Nf3 Qc7 10. Qc2 Nbd7 11. O-O Nb6 12. Bd3 Bd7 13. a4 cxd4 14. cxd4
Qxc2 15. Bxc2 Rfc8 16. a5 Rxc2 17. axb6 a6 18. Ba3 Ne4 19. Ne5 Bb5 20. Rfc1
Rxf2 21. Rc7 f6 22. Ng4 Re2 23. Rxb7 h5 24. Ra7 Rb8 25. b7 Bc6 26. Kf1 Rc2 27.
Bc5 hxg4 28. Ra8 Rxa8 29. bxa8=Q+ Bxa8 30. Rxa6 Bd5 0-1

[Event "4NCL"]
[Site "Barcelo Hotel, Daventry, ENG"]
[Date "2011.03.26"]
[Round "7.39"]
[White "Stayt, James N"]
[Black "Webster, Richard J"]
[Result "1/2-1/2"]
[WhiteElo "1975"]
[BlackElo "1981"]
[PlyCount "75"]
[EventDate "2011.??.??"]
[WhiteTeam "AMCA Rhinos"]
[BlackTeam "e2e4.org.uk 3"]

1. e4 e6 2. d4 d5 3. Nc3 Nf6 4. e5 Nfd7 5. f4 c5 6. Nf3 Nc6 7. Be3 a6 8. Qd2 b5
9. dxc5 Bxc5 10. Bxc5 Nxc5 11. Nd4 Nxd4 12. Qxd4 Qb6 13. Rd1 b4 14. Ne2 a5 15.
Ng3 Ba6 16. Bxa6 Rxa6 17. O-O Na4 18. Qxb6 Rxb6 19. b3 Nc3 20. Ra1 Nb5 21. Ne2
Rc6 22. Rac1 O-O 23. Rfd1 Rfc8 24. Rd2 g6 25. Kf2 Rc5 26. Ke1 Kg7 27. Kd1 h6
28. Rd3 Ra8 29. c3 bxc3 30. Nxc3 Rac8 31. Kd2 Kf8 32. Ne2 Rxc1 33. Nxc1 Na3 34.
Kd1 Ke7 35. Ne2 Nb5 36. Kd2 Kd7 37. g4 Ke7 38. Rh3 1/2-1/2

[Event "4NCL"]
[Site "Barcelo Hotel, Daventry, ENG"]
[Date "2011.03.26"]
[Round "7.39"]
[White "van der Westhuizen, Charles V"]
[Black "Tart, Peter K"]
[Result "1-0"]
[WhiteElo "1891"]
[BlackElo "1940"]
[PlyCount "81"]
[EventDate "2011.??.??"]
[WhiteTeam "e2e4.org.uk 3"]
[BlackTeam "AMCA Rhinos"]

1. d4 Nf6 2. c4 c5 3. Nf3 e6 4. Nc3 cxd4 5. Nxd4 Bb4 6. Bd2 O-O 7. e3 d5 8.
cxd5 Nxd5 9. Nxd5 Bxd2+ 10. Qxd2 Qxd5 11. Nf3 Qxd2+ 12. Kxd2 Rd8+ 13. Kc2 Nc6
14. a3 b6 15. Be2 e5 16. Rad1 Bf5+ 17. Kb3 Be6+ 18. Kc2 Bf5+ 19. Kb3 Na5+ 20.
Kb4 f6 21. Rxd8+ Rxd8 22. Rc1 Be4 23. Rc7 g5 24. Kc3 Bf5 25. b4 Rd5 26. bxa5
Rxa5 27. Bc4+ Kh8 28. Kb4 Bc2 29. Bb3 Be4 30. Rf7 Rc5 31. Rxa7 g4 32. Nh4 Bc6
33. Rc7 Rb5+ 34. Kc3 Be4 35. f3 gxf3 36. gxf3 Bb1 37. e4 Ra5 38. Rc8+ Kg7 39.
Rg8+ Kh6 40. Nf5+ Kh5 41. Bf7# 1-0